| 000 | 00923cam a22003135a 4500 | ||
|---|---|---|---|
| 001 | 016058530 | ||
| 003 | OSt | ||
| 005 | 20180529111350.0 | ||
| 008 | 121002r20122010enkae fr 000 0 eng d | ||
| 015 |
_aGBB232136 _2bnb |
||
| 016 | 7 |
_a016058530 _2Uk |
|
| 020 | _a9780415536196 (pbk.) | ||
| 020 | _a0415536197 (pbk.) | ||
| 035 | _a(StEdNL)4877909 | ||
| 040 |
_aStDuBDS _beng _cStDuBDS _dStEdNL _dEG-ScBUE |
||
| 082 | 0 | 4 |
_a604.2 _bMOR _222 |
| 100 | 1 | _aMorling, K. | |
| 245 | 1 | 0 |
_aGeometric and engineering drawing / _cK. Morling. |
| 250 | _a3rd ed., Reprint ed. | ||
| 260 |
_aOxon ; _aNew York : _bRoutledge, _c2012. |
||
| 300 |
_axvi, 340 p. : _bill., plans ; _c24 cm. |
||
| 500 | _a3rd ed. originally published: London : Elsevier, 2010. | ||
| 500 | _a"SI Units." | ||
| 650 | 7 |
_aGeometrical drawing. _2BUEsh |
|
| 650 | 7 |
_aMechanical drawing. _2BUEsh |
|
| 651 | _2BUEsh | ||
| 653 |
_bENGMEC _cMay2018 |
||
| 942 | _2ddc | ||
| 999 |
_c26777 _d26749 |
||